Quincuagésima memoria anual presentada a la Superintendencia de Bancos instituciones financieras: año 1975
Saved in:
| Corporate Author: | |
|---|---|
| Format: | Book |
| Language: | Spanish |
| Published: |
Santiago
Banco Central de Chile
1975
|
| Subjects: | |
| Tags: |
Add Tag
No Tags, Be the first to tag this record!
|
MARC
| LEADER | 00000nam a2200000 a 4500 | ||
|---|---|---|---|
| 001 | UCR9357 | ||
| 003 | CL-VaPUC | ||
| 008 | 980613e19750000CL |||||||||||||||||spa|d | ||
| 082 | 0 | 4 | |a 332.11 |b BAN |2 21 |
| 110 | 2 | |a Banco Central de Chile |e author |9 411802 | |
| 245 | 1 | 0 | |a Quincuagésima memoria anual presentada a la Superintendencia de Bancos instituciones financieras: año 1975 |
| 300 | |a 200 p | ||
| 942 | |c BK | ||
| 945 | |d 19980613 00:00:00 |a crobeson | ||
| 260 | |a Santiago |b Banco Central de Chile |c 1975 | ||
| 650 | 7 | |a BANCOS CENTRALES |2 CL-VaPUC |9 325759 | |
| 650 | 0 | |a Bancos |9 254963 | |
| 650 | 7 | |a INSTITUCIONES FINANCIERAS |2 CL-VaPUC |9 257940 | |
| 650 | 0 | |a Sistema financiero |9 337931 | |
| 650 | 0 | |a Condiciones económicas |9 258255 | |
| 650 | 0 | |a Mercado financiero |9 334172 | |
| 650 | 0 | |a Mercado de capitales |9 330596 | |
| 650 | 7 | |a COMERCIO INTERNACIONAL |2 CL-VaPUC |9 411803 | |
| 650 | 7 | |a SISTEMA MONETARIO INTERNACIONAL |2 CL-VaPUC |9 322730 | |
| 650 | 0 | |a Hacienda pública |9 258673 | |
| 650 | 7 | |a ECONOMIA NACIONAL |2 CL-VaPUC |9 338222 | |
| 651 | 7 | |a CHILE |2 CL-VaPUC |9 411804 | |
| 583 | |a last modification |c 19980613 00:00:00 |k Rodrigo Vera | ||
| 999 | |c 270555 |d 270553 | ||